[Event "I Festival Civitanova Mare A"]
[Site "Civitanova Marche ITA"]
[Date "2011.07.28"]
[Round "5"]
[White "Chiarion, Elisa"]
[Black "Foglia, Maurizio"]
[WhiteElo "1964"]
[BlackElo "2213"]
[Result "0-1"]
[PlyCount "100"]
[EventDate "2011.07.24"]

1. e4 c6 2. d4 d5 3. e5 c5 4. Nf3 e6 5. c3 Nc6 6. a3 Bd7 7. b4 cxd4 8. cxd4
Nge7 9. Bd3 Nf5 10. O-O Nfxd4 11. Bb2 Nxf3+ 12. Qxf3 a6 13. Re1 Qg5 14. Bc1 Qh4
15. Bf4 g5 16. Bg3 Qh6 17. Nc3 Qg7 18. h4 Be7 19. hxg5 Bxg5 20. Na4 Nd4 21. Qd1
Bxa4 22. Qxa4+ b5 23. Qd1 Nc6 24. a4 O-O 25. axb5 axb5 26. Qb3 Rxa1 27. Rxa1
Nxe5 28. Re1 Nc4 29. Bxc4 dxc4 30. Qf3 Qf6 31. Qc6 Qc3 32. Re5 Bf6 33. Rh5 Rd8
34. Qe4 Qd3 35. Qg4+ Qg6 36. Qxg6+ hxg6 37. Rxb5 Rd1+ 38. Kh2 c3 39. Rc5 Bd4
40. Rc8+ Kh7 41. b5 Rb1 42. Rc4 e5 43. Rc7 Kg7 44. f4 exf4 45. Bxf4 Rxb5 46.
Rd7 Bf6 47. Rc7 g5 48. Bg3 Rd5 49. Rc6 Rd3 50. Bd6 Rxd6 0-1

[Event "I Festival Civitanova Mare A"]
[Site "Civitanova Marche ITA"]
[Date "2011.07.28"]
[Round "5"]
[White "Pedini, Dario"]
[Black "Caruso, Augusto"]
[WhiteElo "2188"]
[BlackElo "2247"]
[Result "0-1"]
[PlyCount "74"]
[EventDate "2011.07.24"]

1. e4 e6 2. d4 d5 3. e5 c5 4. c3 Qb6 5. Nf3 Nc6 6. a3 Nh6 7. b4 cxd4 8. cxd4
Nf5 9. Be3 f6 10. exf6 gxf6 11. Bd3 Nxe3 12. fxe3 Bh6 13. Qe2 Bd7 14. Nc3 Ne7
15. O-O O-O 16. Kh1 Rac8 17. Nd1 Ng6 18. Nf2 e5 19. dxe5 Qxe3 20. Qxe3 Bxe3 21.
exf6 Rxf6 22. Nd1 Bb6 23. Re1 Nf4 24. Bf1 Bf5 25. Ne3 Be4 26. Nd2 Bg6 27. Ng4
Rff8 28. Ne5 Bf5 29. Ndf3 Rc2 30. Red1 Be4 31. Rd2 Rxd2 32. Nxd2 Bd4 33. Re1
Bc3 34. Rd1 Bxe5 35. Nxe4 dxe4 36. Bc4+ Kh8 37. Re1 Nd3 0-1

[Event "I Festival Civitanova Mare A"]
[Site "Civitanova Marche ITA"]
[Date "2011.07.28"]
[Round "5"]
[White "Rinaudo, Andrea"]
[Black "Laketic, Gojko"]
[WhiteElo "2090"]
[BlackElo "2439"]
[Result "0-1"]
[PlyCount "76"]
[EventDate "2011.07.24"]

1. e4 d6 2. d4 Nf6 3. Nc3 e5 4. dxe5 dxe5 5. Qxd8+ Kxd8 6. Bc4 Be6 7. Bxe6 fxe6
8. f3 Bd6 9. Be3 a6 10. O-O-O Ke7 11. Nge2 Nbd7 12. Rhf1 b5 13. Rd3 Rhg8 14. h4
h6 15. g4 Nc5 16. Bxc5 Bxc5 17. Rfd1 Bd6 18. Ng3 Nd7 19. Nf5+ exf5 20. Nd5+ Ke8
21. Nxc7+ Bxc7 22. Rxd7 Bd8 23. exf5 Bxh4 24. Rb7 Rd8 25. Rxd8+ Bxd8 26. Kd2 g6
27. fxg6 Rxg6 28. Ke3 Rc6 29. c3 Rc4 30. Kd3 Rf4 31. Ke2 e4 32. fxe4 Rxe4+ 33.
Kf3 Ra4 34. a3 Bg5 35. Rb6 Kd7 36. Ke2 Bc1 37. Kd3 Bxb2 38. Rxh6 Rxa3 0-1

[Event "I Festival Civitanova Mare A"]
[Site "Civitanova Marche ITA"]
[Date "2011.07.28"]
[Round "5"]
[White "Voltolini, Giuseppe"]
[Black "Mumelter, Igor"]
[WhiteElo "2229"]
[BlackElo "1884"]
[Result "1/2-1/2"]
[PlyCount "54"]
[EventDate "2011.07.24"]

1. d4 Nf6 2. c4 e6 3. Nc3 Bb4 4. e3 O-O 5. Bd3 d5 6. a3 Bxc3+ 7. bxc3 dxc4 8.
Bxc4 c5 9. Ne2 Qc7 10. Bd3 Nc6 11. O-O e5 12. d5 e4 13. dxc6 exd3 14. Qxd3 Qxc6
15. f3 Be6 16. Nf4 Rad8 17. Qe2 Nd5 18. Nxe6 Qxe6 19. Qc4 Qe5 20. Qxc5 Qxc3 21.
Qxc3 Nxc3 22. e4 Rd3 23. a4 a5 24. Re1 Rc8 25. Bb2 Rd2 26. Bxc3 Rxc3 27. Rec1
Rdc2 1/2-1/2

[Event "I Festival Civitanova Mare A"]
[Site "Civitanova Marche ITA"]
[Date "2011.07.29"]
[Round "6"]
[White "Boraso, Alessio"]
[Black "Rigo, Gianfrancesco"]
[WhiteElo "1925"]
[BlackElo "2011"]
[Result "1-0"]
[PlyCount "83"]
[EventDate "2011.07.24"]

1. d4 Nf6 2. c4 e6 3. Nc3 Bb4 4. e3 b6 5. Bd3 Bb7 6. f3 c5 7. a3 Bxc3+ 8. bxc3
d5 9. cxd5 Nxd5 10. Ne2 Nd7 11. O-O h6 12. Qe1 Qc7 13. Ng3 cxd4 14. cxd4 Rc8
15. Bd2 O-O 16. e4 Nf4 17. Bxf4 Qxf4 18. Qf2 Rc3 19. Ne2 Qc7 20. Nxc3 Qxc3 21.
Rfd1 Nf6 22. Qe3 Rd8 23. Rac1 Qa5 24. Rc7 Rd7 25. Rdc1 Qxa3 26. e5 Rxc7 27.
Bh7+ Kxh7 28. Qxa3 Rxc1+ 29. Qxc1 Nd5 30. Qc2+ Kg8 31. Qa4 a5 32. Qe8+ Kh7 33.
Qxf7 Bc8 34. Qe8 Ba6 35. Qxe6 Bc4 36. Qf5+ g6 37. Qf7+ Kh8 38. e6 b5 39. e7
Nxe7 40. Qxe7 b4 41. d5 b3 42. d6 1-0

[Event "I Festival Civitanova Mare A"]
[Site "Civitanova Marche ITA"]
[Date "2011.07.29"]
[Round "6"]
[White "Caruso, Augusto"]
[Black "Cereda, Loris"]
[WhiteElo "2247"]
[BlackElo "2164"]
[Result "0-1"]
[PlyCount "81"]
[EventDate "2011.07.24"]

1. Nc3 Nf6 2. Nf3 d5 3. d4 g6 4. Bf4 c6 5. Ne5 Bg7 6. Qd2 Bf5 7. f3 Nbd7 8.
O-O-O h5 9. Kb1 a5 10. e3 Nxe5 11. Bxe5 b5 12. Bd3 Bxd3 13. cxd3 a4 14. Ne2 O-O
15. Rc1 Qb6 16. Qb4 Rfe8 17. Rc2 Rac8 18. Rhc1 Bh6 19. Bf4 Bf8 20. Qe1 b4 21.
Rc5 Nd7 22. Be5 e6 23. Qg3 Nxe5 24. Qxe5 Bxc5 25. dxc5 Qa5 26. Nf4 Qc7 27. Qg5
Qe7 28. Qg3 Qf6 29. Qe1 Rb8 30. Qd2 e5 31. Ne2 a3 32. b3 Qh4 33. f4 exf4 34.
Nxf4 Qxh2 35. Qf2 Re5 36. d4 Rf5 37. Qd2 Re8 38. Nd3 h4 39. Rc2 h3 40. gxh3
Rf1+ 41. Nc1 0-1

[Event "I Festival Civitanova Mare A"]
[Site "Civitanova Marche ITA"]
[Date "2011.07.29"]
[Round "6"]
[White "Foglia, Maurizio"]
[Black "Viviani, Alessio"]
[WhiteElo "2213"]
[BlackElo "1958"]
[Result "0-1"]
[PlyCount "75"]
[EventDate "2011.07.24"]

1. Nf3 Nf6 2. d4 g6 3. Nc3 d5 4. Bf4 Bg7 5. Qd2 O-O 6. Bh6 Nbd7 7. Bxg7 Kxg7 8.
h4 c5 9. h5 cxd4 10. Qxd4 Qb6 11. Qxb6 Nxb6 12. hxg6 hxg6 13. e3 Nbd7 14. Bb5
Nc5 15. Ne5 a6 16. Be2 b5 17. a3 Bf5 18. Rc1 Rfc8 19. g4 Be6 20. g5 Nfe4 21.
Nxe4 dxe4 22. O-O Na4 23. f3 Rc5 24. f4 Nxb2 25. Kf2 Rac8 26. c4 f6 27. gxf6+
exf6 28. Nxg6 Kxg6 29. Rh1 Rg8 30. Rcg1+ Kf7 31. Rh7+ Kf8 32. Rb1 Nd3+ 33. Bxd3
exd3 34. cxb5 axb5 35. a4 f5 36. axb5 Rc2+ 37. Kf1 d2 38. Rc7 0-1

[Event "I Festival Civitanova Mare A"]
[Site "Civitanova Marche ITA"]
[Date "2011.07.29"]
[Round "6"]
[White "Frontini, Fabio"]
[Black "Rinaudo, Andrea"]
[WhiteElo "1919"]
[BlackElo "2090"]
[Result "0-1"]
[PlyCount "86"]
[EventDate "2011.07.24"]

1. e4 c5 2. Nf3 Nc6 3. Bb5 g6 4. Bxc6 dxc6 5. O-O Bg7 6. Re1 Nf6 7. d3 O-O 8.
Be3 Ng4 9. Bc1 Ne5 10. Nxe5 Bxe5 11. Nd2 b6 12. Nf3 Bg7 13. Rb1 Be6 14. b3 a5
15. a4 Bg4 16. h3 Bxf3 17. Qxf3 Bc3 18. Rf1 Qd6 19. Bh6 Rfd8 20. Bf4 Be5 21.
Bxe5 Qxe5 22. Qe2 b5 23. c4 bxa4 24. bxa4 Rab8 25. Qc2 Rb4 26. Rfc1 Rdb8 27.
Qd1 Qd4 28. Kf1 e5 29. g4 h6 30. Kg2 Kg7 31. Kg3 Rb2 32. Rxb2 Rxb2 33. Rc2 Rb3
34. Rd2 Qxc4 35. h4 Qxa4 36. g5 hxg5 37. hxg5 Qxe4 38. f3 Qf4+ 39. Kh3 c4 40.
Kg2 Qxg5+ 41. Kf2 Rb1 42. Qc2 Qg1+ 43. Ke2 Qe1# 0-1

[Event "I Festival Civitanova Mare A"]
[Site "Civitanova Marche ITA"]
[Date "2011.07.29"]
[Round "6"]
[White "Laketic, Gojko"]
[Black "Pedini, Dario"]
[WhiteElo "2439"]
[BlackElo "2188"]
[Result "1/2-1/2"]
[PlyCount "40"]
[EventDate "2011.07.24"]

1. d4 d5 2. Nf3 Nf6 3. c4 e6 4. Bg5 Be7 5. Nc3 Nbd7 6. e3 h6 7. Bh4 O-O 8. cxd5
exd5 9. Qc2 c6 10. Bd3 Re8 11. Bg3 Nh5 12. O-O Nxg3 13. hxg3 Bd6 14. Rab1 a5
15. a3 Nf6 16. Rfe1 Bd7 17. Bf5 Bxf5 18. Qxf5 g6 19. Qc2 Qe7 20. Re2 Kg7
1/2-1/2

[Event "I Festival Civitanova Mare A"]
[Site "Civitanova Marche ITA"]
[Date "2011.07.29"]
[Round "6"]
[White "Rinaudo, Sergio"]
[Black "Borgiani, Flavio"]
[WhiteElo "2144"]
[BlackElo "2156"]
[Result "1-0"]
[PlyCount "119"]
[EventDate "2011.07.24"]

1. d4 b5 2. Nf3 Bb7 3. e3 a6 4. c4 bxc4 5. Bxc4 e6 6. d5 Nf6 7. Nc3 exd5 8.
Nxd5 Bxd5 9. Bxd5 Bb4+ 10. Ke2 Nxd5 11. Qxd5 Nc6 12. Rd1 O-O 13. Qxd7 Qxd7 14.
Rxd7 Bd6 15. Bd2 Nb8 16. Rxd6 cxd6 17. Bb4 a5 18. Bxd6 Rc8 19. Be5 a4 20. a3
Nd7 21. Bc3 f6 22. Rd1 Nb6 23. Rd4 Nc4 24. Kd3 Nb6 25. Rg4 Kf7 26. Nd4 Rd8 27.
Rh4 h6 28. e4 Rac8 29. Rh5 Nd7 30. Ra5 Ne5+ 31. Ke2 Rc4 32. Ke3 Rcxd4 33. Ra7+
R4d7 34. Rxa4 Rd1 35. h3 Rc1 36. Ra7+ Kg8 37. Ra4 Kh7 38. Rb4 Rc2 39. Rd4 Rxd4
40. Kxd4 Rxf2 41. a4 Rxg2 42. Kd5 Nd3 43. b4 Ra2 44. a5 Nf4+ 45. Kc4 Ra3 46. b5
Ne6 47. b6 Nd8 48. Kb4 Ra2 49. Kb3 Rxa5 50. Bxa5 g5 51. Kc4 h5 52. Kd5 Kg6 53.
Be1 Kf7 54. Kd6 Ke8 55. Bg3 g4 56. hxg4 hxg4 57. Bf2 Kf7 58. Kd7 Nb7 59. Kc7 g3
60. Bxg3 1-0

[Event "I Festival Civitanova Mare A"]
[Site "Civitanova Marche ITA"]
[Date "2011.07.30"]
[Round "7"]
[White "Borgiani, Flavio"]
[Black "Di Mantino, Mauro"]
[WhiteElo "2156"]
[BlackElo "1954"]
[Result "1-0"]
[PlyCount "63"]
[EventDate "2011.07.24"]

1. d4 Nf6 2. Nf3 g6 3. c4 Bg7 4. Nc3 O-O 5. g3 d6 6. Bg2 Nbd7 7. O-O e5 8. e4
c6 9. h3 exd4 10. Nxd4 Re8 11. Re1 a5 12. b3 Nc5 13. Rb1 Qb6 14. Be3 Qb4 15.
Qc2 Bd7 16. Ncb5 cxb5 17. a3 Qxe1+ 18. Rxe1 bxc4 19. Qxc4 Ncxe4 20. Bf4 Rac8
21. Qd3 Rc3 22. Qb1 d5 23. f3 Nh5 24. Ne2 Nxf4 25. Nxf4 Nxg3 26. Rxe8+ Bxe8 27.
Qe1 Bc6 28. Qxg3 d4 29. Qg5 Re3 30. Qd8+ Be8 31. Nd5 Re2 32. Bf1 1-0

[Event "I Festival Civitanova Mare A"]
[Site "Civitanova Marche ITA"]
[Date "2011.07.30"]
[Round "7"]
[White "Caruso, Augusto"]
[Black "Laketic, Gojko"]
[WhiteElo "2247"]
[BlackElo "2439"]
[Result "1/2-1/2"]
[PlyCount "84"]
[EventDate "2011.07.24"]

1. e4 Nf6 2. e5 Nd5 3. d4 d6 4. c4 Nb6 5. exd6 cxd6 6. Nc3 g6 7. Be3 Bg7 8. h4
h5 9. Rc1 N6d7 10. Be2 Nf6 11. Nh3 O-O 12. Nf4 Nc6 13. f3 Re8 14. d5 Ne5 15. b3
Bd7 16. g4 hxg4 17. h5 g5 18. Nd3 gxf3 19. Bxf3 Nh7 20. h6 Bf5 21. Be4 Nxd3+
22. Qxd3 Bxe4 23. Nxe4 Be5 24. Nxg5 Nxg5 25. Bxg5 Qa5+ 26. Bd2 Qc5 27. Ke2 Qd4
28. Rcg1+ Kh8 29. Qf3 e6 30. Rg4 Qb2 31. h7 exd5 32. Rg8+ Rxg8 33. hxg8=Q+ Kxg8
34. Rf1 Rf8 35. Qxd5 Bg7 36. Kd3 Qe5 37. Qxb7 Qd4+ 38. Kc2 Qb2+ 39. Kd3 Qd4+
40. Kc2 Qb2+ 41. Kd3 Qxa2 42. Bc3 Bxc3 1/2-1/2

[Event "I Festival Civitanova Mare A"]
[Site "Civitanova Marche ITA"]
[Date "2011.07.30"]
[Round "7"]
[White "Cereda, Loris"]
[Black "Viviani, Alessio"]
[WhiteElo "2164"]
[BlackElo "1958"]
[Result "1-0"]
[PlyCount "59"]
[EventDate "2011.07.24"]

1. e4 d6 2. d4 g6 3. c3 Nf6 4. Bd3 Bg7 5. Nf3 O-O 6. O-O c5 7. h3 cxd4 8. cxd4
Nc6 9. Be3 Nb4 10. Nc3 Nxd3 11. Qxd3 a6 12. d5 e6 13. dxe6 Bxe6 14. Ng5 Qe7 15.
Rfd1 Rad8 16. Rac1 d5 17. Nxe6 fxe6 18. Bb6 Rd7 19. Qe3 Qf7 20. Bc5 Re8 21. e5
Nh5 22. Ne2 Bf8 23. Bb6 Be7 24. g4 Ng7 25. Rd3 h5 26. Qh6 Rf8 27. f4 g5 28.
fxg5 d4 29. g6 Qf2+ 30. Kh1 1-0

[Event "I Festival Civitanova Mare A"]
[Site "Civitanova Marche ITA"]
[Date "2011.07.30"]
[Round "7"]
[White "Chiarion, Elisa"]
[Black "Giampieri, Stefano"]
[WhiteElo "1964"]
[BlackElo "1847"]
[Result "0-1"]
[PlyCount "88"]
[EventDate "2011.07.24"]

1. e4 c6 2. d4 d5 3. e5 Bf5 4. Nc3 e6 5. g4 Bg6 6. Nge2 h6 7. Nf4 Bh7 8. h4 Ne7
9. Nh5 Nd7 10. Be3 Qb6 11. b3 O-O-O 12. Qd2 Bg6 13. Nf4 Kb8 14. Nxg6 Nxg6 15.
Na4 Qc7 16. h5 Ne7 17. b4 Nb6 18. Nc5 Nc4 19. Qc3 Nc8 20. a4 Bxc5 21. bxc5 f6
22. Bxc4 dxc4 23. f4 b5 24. axb5 cxb5 25. O-O Qc6 26. Rab1 Ka8 27. Qa5 a6 28.
Ra1 Kb7 29. Qb4 Qe4 30. Qa3 Qc6 31. Rfb1 Ne7 32. Qa4 Nd5 33. Qa3 fxe5 34. dxe5
Nc7 35. Rd1 Qf3 36. c6+ Kc8 37. Rd7 Qxc6 38. Rxg7 Rhg8 39. Rxg8 Rxg8 40. g5 Qf3
41. Bd2 Qxh5 42. Qc5 hxg5 43. fxg5 Rh8 44. Kf1 Qf3+ 0-1

[Event "I Festival Civitanova Mare A"]
[Site "Civitanova Marche ITA"]
[Date "2011.07.30"]
[Round "7"]
[White "Pedini, Dario"]
[Black "Boraso, Alessio"]
[WhiteElo "2188"]
[BlackElo "1925"]
[Result "1-0"]
[PlyCount "41"]
[EventDate "2011.07.24"]

1. e4 d5 2. exd5 Nf6 3. d4 Bg4 4. f3 Bf5 5. c4 e6 6. dxe6 Nc6 7. Be3 fxe6 8.
Nc3 Qe7 9. Qa4 O-O-O 10. O-O-O Nd7 11. g4 Nb6 12. Qb3 Bg6 13. Nh3 Na5 14. Qb5
Qb4 15. Qxb4 Bxb4 16. c5 Bxc3 17. cxb6 Bb4 18. bxa7 Kd7 19. Nf4 Rhf8 20. d5 e5
21. Ne6 1-0